header

Free expression and democracy in America (Record no. 517)

MARC details
000 -LEADER
fixed length control field 01961nam a2200349 a 4500
082 04 - DEWEY DECIMAL CLASSIFICATION NUMBER
Classification number 342.7308/5
100 1# - MAIN ENTRY--AUTHOR NAME
Personal name Feldman, Stephen M.,
245 10 - TITLE STATEMENT
Title Free expression and democracy in America
260 ## - PUBLICATION, DISTRIBUTION, ETC. (IMPRINT)
Place of publication Chicago :
Name of publisher University of Chicago Press,
Year of publication 2008.
300 ## - PHYSICAL DESCRIPTION
Number of Pages 585 p. ;
505 0# - FORMATTED CONTENTS NOTE
Formatted contents note Democracy and free expression -- Republican democracy from the Revolution through the Civil War -- Free expression in the early years -- The Sedition Act controversy -- Free expression in the nineteenth century to 1865 -- Republican democracy from Reconstruction through 1920 -- Free expression, American society, and the Supreme Court -- Free expression during the World War I era -- Transition to pluralist democracy -- Pluralist democracy and judicial review -- Free expression, pluralist democracy, and the Supreme Court -- The traditions of dissent and suppression in the pluralist democratic regime -- Open questions.
650 #0 - SUBJECT ADDED ENTRY--TOPICAL TERM
Topical Term Freedom of expression
856 40 - ELECTRONIC LOCATION AND ACCESS
Uniform Resource Identifier http://site.ebrary.com/lib/rucke/Doc?id=10288685

No items available.

© 2026 Rongo University
Contact us: librarian | system librarian | Rongo university